[Event "DEM U12 2019"]
[Site "Willingen GER"]
[Date "2019.06.10"]
[Round "3"]
[White "Costa, Leonardo"]
[Black "Guo, Philipp Ziming"]
[Result "1-0"]
[Termination "normal"]
[Board "1"]
[WhiteElo "1933"]
[BlackElo "1674"]
[WhiteClock "00:01:13"]
[BlackClock "00:01:23"]
[PlyCount "131"]
[WhiteFideId "16213955"]
[BlackFideId "16245199"]
[EventCountry "GER"]
[EventRounds "9"]
[EventType "swiss"]
[EventDate "2019.06.08"]

1. e4 {[%clk 1:30:58]} 1... c5 {[%clk 1:30:55]} 2. Nf3 {[%clk 1:31:22]} 2...
Nc6 {[%clk 1:31:17]} 3. d4 {[%clk 1:31:43]} 3... cxd4 {[%clk 1:31:38]} 4. Nxd4
{[%clk 1:32:08]} 4... Nf6 {[%clk 1:31:56]} 5. Nc3 {[%clk 1:32:24]} 5... e5 {
[%clk 1:32:19]} 6. Ndb5 {[%clk 1:32:43]} 6... d6 {[%clk 1:32:36]} 7. Bg5 {
[%clk 1:32:32]} 7... a6 {[%clk 1:32:56]} 8. Na3 {[%clk 1:32:46]} 8... b5 {
[%clk 1:33:13]} 9. Nd5 {[%clk 1:33:01]} 9... Be7 {[%clk 1:33:11]} 10. Bxf6 {
[%clk 1:33:17]} 10... Bxf6 {[%clk 1:33:16]} 11. c3 {[%clk 1:33:08]} 11... Bg5 {
[%clk 1:31:55]} 12. Nc2 {[%clk 1:30:05]} 12... Be6 13. a4 {[%clk 1:22:27]}
13... bxa4 {[%clk 1:20:22]} 14. Rxa4 {[%clk 1:22:25]} 14... a5 {[%clk 1:14:04]}
15. Bb5 {[%clk 1:11:48]} 15... Bd7 {[%clk 1:02:51]} 16. Nce3 {[%clk 0:58:42]}
16... Bxe3 {[%clk 0:57:02]} 17. Nxe3 {[%clk 0:59:02]} 17... Qb8 {[%clk 0:51:07]
} 18. Qd5 {[%clk 0:53:04]} 18... Ne7 {[%clk 0:40:03]} 19. Bxd7+ {[%clk 0:52:21]
} 19... Kxd7 {[%clk 0:40:20]} 20. Qa2 {[%clk 0:46:12]} 20... Qb5 { [%clk
0:35:19]} 21. Nc4 {[%clk 0:45:47]} 21... Nc6 {[%clk 0:32:38]} 22. O-O { [%clk
0:43:55]} 22... Ke7 {[%clk 0:30:46]} 23. Rd1 {[%clk 0:41:24]} 23... Rhd8 {[%clk
0:28:41]} 24. Rd5 {[%clk 0:40:44]} 24... Qb7 {[%clk 0:27:54]} 25. h3 { [%clk
0:37:31]} 25... Rab8 {[%clk 0:26:00]} 26. Qa3 {[%clk 0:36:31]} 26... Qb3 {[%clk
0:19:53]} 27. Nxe5 {[%clk 0:19:54]} 27... Nxe5 {[%clk 0:17:16]} 28. Rxe5+
{[%clk 0:20:19]} 28... Kd7 {[%clk 0:16:23]} 29. Rd5 {[%clk 0:17:25]} 29... Qxa3
{[%clk 0:15:08]} 30. bxa3 {[%clk 0:17:48]} 30... Rb3 {[%clk 0:15:00] } 31. c4
{[%clk 0:17:29]} 31... Rc3 {[%clk 0:13:44]} 32. e5 {[%clk 0:14:34]} 32... Ke7
{[%clk 0:11:04]} 33. Raxa5 {[%clk 0:14:19]} 33... Rxc4 { [%clk 0:10:07]} 34.
exd6+ {[%clk 0:13:59]} 34... Ke6 {[%clk 0:09:38]} 35. Re5+ {[%clk 0:13:43]}
35... Kf6 {[%clk 0:07:46]} 36. Rf5+ {[%clk 0:12:13]} 36... Kg6 {[%clk 0:07:17]}
37. Rfd5 {[%clk 0:10:09]} 37... Rc6 {[%clk 0:05:09]} 38. d7 { [%clk 0:09:26]}
38... Rc1+ {[%clk 0:05:11]} 39. Kh2 {[%clk 0:09:49]} 39... Rc7 {[%clk 0:05:35]}
40. Ra6+ {[%clk 0:09:28]} 40... f6 {[%clk 0:05:54]} 41. Rad6 { [%clk 0:09:48]}
41... Ra7 {[%clk 0:04:38]} 42. Rd3 {[%clk 0:10:00]} 42... Kf7 { [%clk 0:04:26]}
43. Kg3 {[%clk 0:07:28]} 43... Ke7 {[%clk 0:04:09]} 44. R6d4 { [%clk 0:07:38]}
44... Ra5 {[%clk 0:02:21]} 45. f4 {[%clk 0:05:18]} 45... Ra7 { [%clk 0:01:23]}
46. Kf3 {[%clk 0:01:13]} 46... g6 47. Kg3 Ke6 48. Kf3 Ke7 49. g3 Ke6 50. Ke3
Ke7 51. f5 g5 52. Kd2 Ra5 53. g4 Ra7 54. Kc2 Rc7+ 55. Kd2 Ra7 56. a4 Ra6 57.
Kc3 Ra7 58. Kb3 Rb7+ 59. Ka3 Ra7 60. Rd5 Ra6 61. a5 Rc6 62. Kb4 Ra6 63. Kb5
Raa8 64. Rd6 Rdb8+ 65. Rb6 Rd8 66. Rb7 1-0

[Event "DEM U12 2019"]
[Site "Willingen GER"]
[Date "2019.06.10"]
[Round "3"]
[White "Klühs, Gustaf"]
[Black "Heinrich, John"]
[Result "1-0"]
[Termination "normal"]
[Board "3"]
[WhiteElo "1705"]
[BlackElo "1695"]
[WhiteClock "00:10:38"]
[BlackClock "00:09:04"]
[PlyCount "77"]
[WhiteFideId "16228936"]
[BlackFideId "16259491"]
[EventCountry "GER"]
[EventRounds "9"]
[EventType "swiss"]
[EventDate "2019.06.08"]

1. Nf3 Nf6 2. g3 d5 3. Bg2 e6 4. d3 Bd6 5. c4 c6 6. cxd5 exd5 7. O-O O-O 8. Nc3
Bg4 9. Qb3 Qc7 10. e4 dxe4 11. dxe4 Nbd7 12. Qc2 Bh5 13. Nh4 Ne8 14. Be3 f6 15.
Rac1 Rc8 16. Nf5 Nb6 17. Ne2 Bf7 18. b3 Rd8 19. Ned4 Be5 20. Rfd1 Nd6 21. Nxd6
Bxd6 22. Nf5 Nc8 23. Rd3 Be6 24. Nxd6 Nxd6 25. Bf4 Qe7 26. Rcd1 Nf7 27. Be3 Qc7
28. f4 a6 29. Qf2 Qb8 30. Bb6 Rxd3 31. Rxd3 Nd6 32. Qd2 Nf7 33. h3 Re8 34. Kh2
Re7 35. f5 Bc8 36. Rd8+ Nxd8 37. Qxd8+ Kf7 38. Bf1 Rxe4 39. Bc5 1-0

[Event "DEM U12 2019"]
[Site "Willingen GER"]
[Date "2019.06.10"]
[Round "3"]
[White "Ohler, Julius"]
[Black "Stork, Christopher"]
[Result "1/2-1/2"]
[Termination "normal"]
[Board "4"]
[WhiteElo "1837"]
[BlackElo "1817"]
[WhiteClock "00:53:12"]
[BlackClock "00:57:16"]
[PlyCount "47"]
[WhiteFideId "16238982"]
[BlackFideId "16215400"]
[EventCountry "GER"]
[EventRounds "9"]
[EventType "swiss"]
[EventDate "2019.06.08"]

1. c4 {[%clk 1:30:59]} 1... Nf6 {[%clk 1:30:53]} 2. Nc3 {[%clk 1:31:25]} 2...
c5 {[%clk 1:30:59]} 3. g3 {[%clk 1:31:51]} 3... d6 {[%clk 1:30:25]} 4. Bg2 {
[%clk 1:32:16]} 4... g6 {[%clk 1:30:30]} 5. a3 {[%clk 1:32:31]} 5... Nc6 {
[%clk 1:28:20]} 6. Rb1 {[%clk 1:32:48]} 6... a5 {[%clk 1:26:21]} 7. Nf3 { [%clk
1:32:54]} 7... Bg7 {[%clk 1:25:46]} 8. O-O {[%clk 1:33:16]} 8... O-O { [%clk
1:25:33]} 9. Ne1 {[%clk 1:33:39]} 9... Bd7 {[%clk 1:24:09]} 10. Nc2 { [%clk
1:32:41]} 10... Rb8 {[%clk 1:23:14]} 11. d3 {[%clk 1:30:18]} 11... Ne8 { [%clk
1:15:35]} 12. Bd2 {[%clk 1:29:10]} 12... Nc7 {[%clk 1:14:45]} 13. b4 { [%clk
1:23:19]} 13... axb4 {[%clk 1:12:52]} 14. axb4 {[%clk 1:23:31]} 14... cxb4
{[%clk 1:12:55]} 15. Nxb4 {[%clk 1:23:34]} 15... Nxb4 {[%clk 1:12:56]} 16. Rxb4
{[%clk 1:23:40]} 16... Bc6 {[%clk 1:11:43]} 17. Qc2 {[%clk 1:13:06]} 17... Ne6
{[%clk 1:09:11]} 18. e3 {[%clk 1:05:27]} 18... Nc7 {[%clk 1:04:23]} 19. Rfb1
{[%clk 1:00:51]} 19... d5 {[%clk 1:00:16]} 20. cxd5 {[%clk 0:54:27]} 20... Nxd5
{[%clk 1:00:32]} 21. Nxd5 {[%clk 0:54:33]} 21... Bxd5 {[%clk 1:00:50]} 22. Bxd5
{[%clk 0:53:03]} 22... Qxd5 {[%clk 1:01:11]} 23. Qb3 {[%clk 0:53:12]} 23...
Rfd8 {[%clk 0:57:16]} 24. d4 1/2-1/2

[Event "DEM U12 2019"]
[Site "Willingen GER"]
[Date "2019.06.10"]
[Round "3"]
[White "Bungarten, Jona"]
[Black "Fuchs, Florian"]
[Result "1-0"]
[Termination "normal"]
[Board "5"]
[WhiteElo "1642"]
[BlackElo "1746"]
[WhiteClock "00:21:16"]
[BlackClock "00:14:04"]
[PlyCount "55"]
[WhiteFideId "16223608"]
[BlackFideId "16213351"]
[EventCountry "GER"]
[EventRounds "9"]
[EventType "swiss"]
[EventDate "2019.06.08"]

1. e4 {[%clk 1:30:59]} 1... e6 {[%clk 1:30:55]} 2. d4 {[%clk 1:31:11]} 2... d5
{[%clk 1:31:20]} 3. Nd2 {[%clk 1:31:37]} 3... Nf6 {[%clk 1:31:45]} 4. e5 {
[%clk 1:32:01]} 4... Nfd7 {[%clk 1:32:11]} 5. f4 {[%clk 1:32:24]} 5... c5 {
[%clk 1:32:37]} 6. c3 {[%clk 1:32:49]} 6... Nc6 {[%clk 1:33:02]} 7. Ndf3 {
[%clk 1:33:10]} 7... Qb6 {[%clk 1:33:26]} 8. g3 {[%clk 1:33:09]} 8... cxd4 {
[%clk 1:33:50]} 9. cxd4 {[%clk 1:33:33]} 9... Bb4+ {[%clk 1:34:15]} 10. Kf2 {
[%clk 1:33:58]} 10... g5 {[%clk 1:34:34]} 11. Nxg5 {[%clk 1:22:53]} 11... Nxd4
{[%clk 1:33:19]} 12. Kg2 {[%clk 1:16:58]} 12... h6 {[%clk 1:22:09]} 13. N5f3 {
[%clk 0:53:48]} 13... Nc6 {[%clk 1:03:49]} 14. a3 {[%clk 0:53:13]} 14... Be7 {
[%clk 1:03:35]} 15. b4 {[%clk 0:50:53]} 15... a6 {[%clk 0:53:58]} 16. Ne2 {
[%clk 0:48:59]} 16... Qa7 {[%clk 0:50:06]} 17. Ned4 {[%clk 0:47:00]} 17... Nxd4
{[%clk 0:47:03]} 18. Nxd4 {[%clk 0:46:18]} 18... b5 {[%clk 0:45:29]} 19. Be3 {
[%clk 0:42:26]} 19... Qb7 {[%clk 0:42:42]} 20. Qg4 {[%clk 0:37:50]} 20... Kf8 {
[%clk 0:35:22]} 21. Qh5 {[%clk 0:32:02]} 21... Nb6 {[%clk 0:25:29]} 22. f5 {
[%clk 0:29:49]} 22... exf5 {[%clk 0:22:36]} 23. Bxh6+ {[%clk 0:28:38]} 23...
Ke8 {[%clk 0:19:05]} 24. e6 {[%clk 0:24:13]} 24... Bf8 {[%clk 0:17:14]} 25.
exf7+ {[%clk 0:20:41]} 25... Qxf7 {[%clk 0:14:18]} 26. Re1+ {[%clk 0:21:03]}
26... Be7 {[%clk 0:14:31]} 27. Rxe7+ 27... Kxe7 {[%clk 0:14:04]} 28. Bg5+ {
[%clk 0:21:16]} 1-0

[Event "DEM U12 2019"]
[Site "Willingen GER"]
[Date "2019.06.10"]
[Round "3"]
[White "Tomasjan, Samuel"]
[Black "Bakiev, Diyor"]
[Result "0-1"]
[Termination "normal"]
[Board "6"]
[WhiteElo "1476"]
[BlackElo "2123"]
[WhiteClock "00:11:51"]
[BlackClock "00:15:47"]
[PlyCount "79"]
[WhiteFideId "16235584"]
[BlackFideId "16241584"]
[EventCountry "GER"]
[EventRounds "9"]
[EventType "swiss"]
[EventDate "2019.06.08"]

1. e4 {[%clk 1:30:59]} 1... g6 {[%clk 1:30:44]} 2. d4 {[%clk 1:31:21]} 2... Bg7
{[%clk 1:31:09]} 3. Nf3 {[%clk 1:31:44]} 3... c6 {[%clk 1:31:19]} 4. Be3 {
[%clk 1:24:46]} 4... d5 {[%clk 1:31:29]} 5. exd5 {[%clk 1:24:51]} 5... cxd5 {
[%clk 1:31:51]} 6. c4 {[%clk 1:24:11]} 6... Nf6 {[%clk 1:31:44]} 7. Nc3 { [%clk
1:22:58]} 7... O-O {[%clk 1:30:57]} 8. Qd2 {[%clk 1:22:53]} 8... Nc6 { [%clk
1:30:55]} 9. cxd5 {[%clk 1:13:29]} 9... Nxd5 {[%clk 1:29:28]} 10. Bh6 { [%clk
1:12:58]} 10... Bf5 {[%clk 1:13:40]} 11. Bxg7 {[%clk 1:10:33]} 11... Kxg7
{[%clk 1:07:56]} 12. a3 {[%clk 1:01:14]} 12... Na5 {[%clk 1:06:29]} 13. Qd1 {
[%clk 0:55:30]} 13... Rc8 {[%clk 1:06:29]} 14. Bd3 {[%clk 0:55:30]} 14... Nxc3
{[%clk 0:57:25]} 15. bxc3 {[%clk 0:55:58]} 15... Bg4 {[%clk 0:53:42]} 16. Rc1 {
[%clk 0:51:50]} 16... Qd5 {[%clk 0:49:39]} 17. Be2 {[%clk 0:50:58]} 17... Nc4 {
[%clk 0:47:58]} 18. Qb3 {[%clk 0:48:24]} 18... e5 {[%clk 0:28:10]} 19. O-O {
[%clk 0:39:22]} 19... Bxf3 {[%clk 0:25:57]} 20. Bxf3 {[%clk 0:39:19]} 20... e4
{[%clk 0:26:18]} 21. Be2 {[%clk 0:38:28]} 21... f5 {[%clk 0:25:40]} 22. f3 {
[%clk 0:37:59]} 22... e3 {[%clk 0:23:27]} 23. f4 {[%clk 0:35:58]} 23... Qf7 {
[%clk 0:21:24]} 24. Rfe1 {[%clk 0:31:51]} 24... Nd2 {[%clk 0:19:23]} 25. Qxf7+
{[%clk 0:30:17]} 25... Rxf7 26. Bd1 {[%clk 0:20:24]} 26... Re7 {[%clk 0:18:53]}
27. Re2 {[%clk 0:17:53]} 27... Kf6 {[%clk 0:17:52]} 28. Bc2 {[%clk 0:16:04]}
28... Rxc3 {[%clk 0:15:36]} 29. Rce1 {[%clk 0:11:52]} 29... Rxc2 { [%clk
0:15:46]} 30. Rxe3 {[%clk 0:12:09]} 30... Rxe3 {[%clk 0:15:53]} 31. Rxe3 {[%clk
0:12:33]} 31... Ne4 {[%clk 0:15:55]} 32. g4 {[%clk 0:12:28]} 32... Rd2 { [%clk
0:16:04]} 33. g5+ {[%clk 0:12:28]} 33... Kf7 {[%clk 0:14:33]} 34. Rb3 { [%clk
0:12:38]} 34... b6 {[%clk 0:14:43]} 35. Rb4 {[%clk 0:12:57]} 35... Nd6 { [%clk
0:14:36]} 36. a4 {[%clk 0:12:55]} 36... Ke6 {[%clk 0:14:50]} 37. h4 { [%clk
0:11:42]} 37... b5 {[%clk 0:15:10]} 38. a5 {[%clk 0:11:39]} 38... Kd5 { [%clk
0:15:24]} 39. a6 {[%clk 0:11:51]} 39... Rxd4 {[%clk 0:15:47]} 40. Rb1 0-1

[Event "DEM U12 2019"]
[Site "Willingen GER"]
[Date "2019.06.10"]
[Round "3"]
[White "Freude, Max"]
[Black "Reichmann, Felix"]
[Result "1-0"]
[Termination "normal"]
[Board "7"]
[WhiteElo "1707"]
[BlackElo "1725"]
[WhiteClock "00:20:23"]
[BlackClock "00:47:07"]
[PlyCount "71"]
[WhiteFideId "16236157"]
[BlackFideId "16238290"]
[EventCountry "GER"]
[EventRounds "9"]
[EventType "swiss"]
[EventDate "2019.06.08"]

1. e4 {[%clk 1:30:53]} 1... d6 {[%clk 1:29:44]} 2. d4 {[%clk 1:28:14]} 2... c6
{[%clk 1:27:09]} 3. Nc3 {[%clk 1:27:22]} 3... Nd7 {[%clk 1:27:33]} 4. f4 {
[%clk 1:26:35]} 4... h6 {[%clk 1:27:57]} 5. Nf3 {[%clk 1:25:55]} 5... g5 {
[%clk 1:28:10]} 6. Be3 {[%clk 1:14:45]} 6... Bg7 {[%clk 1:26:27]} 7. Be2 {
[%clk 1:07:50]} 7... Nf8 {[%clk 1:26:19]} 8. O-O {[%clk 1:00:30]} 8... gxf4 {
[%clk 1:24:34]} 9. Bxf4 {[%clk 1:00:29]} 9... Ne6 {[%clk 1:24:59]} 10. Be3 {
[%clk 0:57:43]} 10... Nf6 {[%clk 1:23:40]} 11. Nh4 {[%clk 0:52:57]} 11... Qb6 {
[%clk 1:21:37]} 12. Qd2 {[%clk 0:47:50]} 12... Ng5 {[%clk 1:10:53]} 13. e5 {
[%clk 0:41:44]} 13... Nfe4 {[%clk 0:59:07]} 14. Nxe4 {[%clk 0:39:30]} 14...
Nxe4 {[%clk 0:59:27]} 15. Qd3 {[%clk 0:39:36]} 15... d5 {[%clk 0:59:48]} 16.
Bh5 {[%clk 0:36:35]} 16... Be6 {[%clk 0:59:35]} 17. Nf5 {[%clk 0:36:09]} 17...
Bxf5 {[%clk 0:59:26]} 18. Rxf5 {[%clk 0:34:12]} 18... Rf8 {[%clk 0:58:49]} 19.
Raf1 {[%clk 0:33:40]} 19... O-O-O {[%clk 0:54:29]} 20. Rxf7 {[%clk 0:31:08]}
20... Rxf7 {[%clk 0:54:29]} 21. Rxf7 {[%clk 0:29:43]} 21... Bf8 {[%clk 0:54:47]
} 22. Qb3 {[%clk 0:28:22]} 22... Qa5 {[%clk 0:54:11]} 23. c3 {[%clk 0:27:01]}
23... Qa6 {[%clk 0:54:27]} 24. Bg4+ {[%clk 0:25:29]} 24... Kb8 {[%clk 0:54:52]}
25. Qd1 {[%clk 0:23:46]} 25... Ng5 {[%clk 0:50:04]} 26. Bxg5 {[%clk 0:23:29]}
26... hxg5 {[%clk 0:50:32]} 27. Qf1 {[%clk 0:23:24]} 27... Qxf1+ { [%clk
0:50:15]} 28. Kxf1 {[%clk 0:23:46]} 28... b6 {[%clk 0:49:34]} 29. Ke2 { [%clk
0:23:28]} 29... Kc7 {[%clk 0:50:00]} 30. Be6 {[%clk 0:21:42]} 30... c5 { [%clk
0:48:20]} 31. g4 {[%clk 0:21:15]} 31... cxd4 {[%clk 0:48:07]} 32. cxd4 { [%clk
0:21:28]} 32... Kc6 {[%clk 0:48:16]} 33. h4 {[%clk 0:20:59]} 33... gxh4 { [%clk
0:48:39]} 34. g5 {[%clk 0:21:20]} 34... Kb5 {[%clk 0:47:24]} 35. Kd3 { [%clk
0:21:00]} 35... Re8 {[%clk 0:47:07]} 36. Bd7+ {[%clk 0:20:23]} 1-0

[Event "DEM U12 2019"]
[Site "Willingen GER"]
[Date "2019.06.10"]
[Round "3"]
[White "Schreidl, Michael"]
[Black "Metzdorf, Matteo"]
[Result "1/2-1/2"]
[Termination "normal"]
[Board "8"]
[WhiteElo "1586"]
[BlackElo "1837"]
[WhiteClock "01:09:59"]
[BlackClock "00:37:11"]
[PlyCount "41"]
[WhiteFideId "16265750"]
[BlackFideId "16209869"]
[EventCountry "GER"]
[EventRounds "9"]
[EventType "swiss"]
[EventDate "2019.06.08"]

1. e4 {[%clk 1:30:59]} 1... c5 {[%clk 1:30:54]} 2. Nf3 {[%clk 1:31:24]} 2... e6
{[%clk 1:31:20]} 3. d4 {[%clk 1:31:51]} 3... cxd4 {[%clk 1:31:44]} 4. Nxd4 {
[%clk 1:32:17]} 4... a6 {[%clk 1:32:09]} 5. Bd3 {[%clk 1:32:21]} 5... Qc7 {
[%clk 1:31:58]} 6. Be3 {[%clk 1:31:22]} 6... Nc6 {[%clk 1:32:01]} 7. Nc3 {
[%clk 1:30:58]} 7... Nf6 {[%clk 1:32:02]} 8. O-O {[%clk 1:31:03]} 8... h5 {
[%clk 1:30:55]} 9. h3 {[%clk 1:30:07]} 9... b5 {[%clk 1:29:46]} 10. Qe2 { [%clk
1:28:15]} 10... Bb7 {[%clk 1:18:18]} 11. f4 {[%clk 1:22:26]} 11... b4 { [%clk
1:05:26]} 12. Na4 {[%clk 1:20:49]} 12... Nxd4 {[%clk 1:04:04]} 13. Bxd4 { [%clk
1:20:48]} 13... Qc6 {[%clk 1:04:22]} 14. Nb6 {[%clk 1:19:51]} 14... Bc5 { [%clk
1:02:24]} 15. Bxc5 {[%clk 1:18:31]} 15... Qxc5+ {[%clk 1:00:21]} 16. Qf2 {[%clk
1:18:54]} 16... Qxf2+ {[%clk 0:55:44]} 17. Rxf2 {[%clk 1:19:18]} 17... Rb8
{[%clk 0:55:07]} 18. Nc4 {[%clk 1:18:18]} 18... Ke7 {[%clk 0:52:14]} 19. e5
{[%clk 1:14:08]} 19... Ne4 {[%clk 0:38:52]} 20. Re2 {[%clk 1:12:16]} 20... Nc5
{[%clk 0:37:11]} 21. Rd1 {[%clk 1:09:59]} 1/2-1/2

[Event "DEM U12 2019"]
[Site "Willingen GER"]
[Date "2019.06.10"]
[Round "3"]
[White "Schwartz, Oliver"]
[Black "Deuer, Marius"]
[Result "1/2-1/2"]
[Termination "normal"]
[Board "9"]
[WhiteElo "1616"]
[BlackElo "1961"]
[WhiteClock "00:19:46"]
[BlackClock "00:07:26"]
[PlyCount "75"]
[WhiteFideId "16207459"]
[BlackFideId "16236432"]
[EventCountry "GER"]
[EventRounds "9"]
[EventType "swiss"]
[EventDate "2019.06.08"]

1. e4 {[%clk 1:30:56]} 1... c5 {[%clk 1:31:23]} 2. Nf3 {[%clk 1:31:18]} 2...
Nc6 {[%clk 1:31:45]} 3. d4 {[%clk 1:31:41]} 3... cxd4 {[%clk 1:32:11]} 4. Nxd4
{[%clk 1:32:02]} 4... g6 {[%clk 1:32:36]} 5. c4 {[%clk 1:32:23]} 5... Bg7 {
[%clk 1:33:00]} 6. Be3 {[%clk 1:32:46]} 6... Nf6 {[%clk 1:33:06]} 7. Nc3 {
[%clk 1:33:08]} 7... d6 {[%clk 1:33:03]} 8. Be2 {[%clk 1:33:16]} 8... O-O {
[%clk 1:33:05]} 9. O-O {[%clk 1:33:06]} 9... Nxd4 {[%clk 1:31:35]} 10. Bxd4 {
[%clk 1:31:54]} 10... Bd7 {[%clk 1:29:34]} 11. Qd2 {[%clk 1:31:14]} 11... Bc6 {
[%clk 1:29:25]} 12. f3 {[%clk 1:31:33]} 12... a5 {[%clk 1:28:17]} 13. b3 {
[%clk 1:31:09]} 13... Nd7 {[%clk 1:28:26]} 14. Be3 {[%clk 1:30:52]} 14... Nc5 {
[%clk 1:27:41]} 15. Rab1 {[%clk 1:30:20]} 15... Qb6 {[%clk 1:24:38]} 16. Rfc1 {
[%clk 1:29:40]} 16... Qb4 {[%clk 1:21:13]} 17. Rc2 {[%clk 1:25:39]} 17... Rfc8
{[%clk 1:14:21]} 18. Qc1 {[%clk 1:25:43]} 18... Qb6 {[%clk 1:14:32]} 19. a3 {
[%clk 1:26:03]} 19... Qd8 {[%clk 1:13:28]} 20. Nd5 {[%clk 1:26:00]} 20... e6 {
[%clk 1:04:43]} 21. Nc3 {[%clk 1:21:00]} 21... a4 {[%clk 0:58:07]} 22. b4 {
[%clk 1:19:58]} 22... Nb3 {[%clk 0:55:51]} 23. Qd1 {[%clk 1:19:48]} 23... e5 {
[%clk 0:53:23]} 24. Qd3 {[%clk 1:10:07]} 24... Nd4 {[%clk 0:48:04]} 25. Rd2 {
[%clk 1:07:53]} 25... b6 {[%clk 0:39:55]} 26. Bf1 {[%clk 1:05:39]} 26... Bd7 {
[%clk 0:33:54]} 27. Ne2 {[%clk 1:00:33]} 27... Be6 {[%clk 0:31:56]} 28. Bxd4 {
[%clk 0:52:35]} 28... Bxc4 {[%clk 0:26:24]} 29. Qe3 {[%clk 0:52:06]} 29... exd4
{[%clk 0:25:09]} 30. Nxd4 {[%clk 0:51:37]} 30... Qd7 {[%clk 0:17:13]} 31. Rbd1
{[%clk 0:33:53]} 31... Bxf1 {[%clk 0:13:39]} 32. Kxf1 {[%clk 0:33:50]} 32...
Rd8 {[%clk 0:11:09]} 33. Ne2 {[%clk 0:32:47]} 33... Qc7 {[%clk 0:11:00]} 34.
Rd3 {[%clk 0:28:14]} 34... Be5 {[%clk 0:09:29]} 35. Qd2 {[%clk 0:22:53]} 35...
Re8 {[%clk 0:07:53]} 36. Ng3 {[%clk 0:20:08]} 36... Bxg3 {[%clk 0:07:13]} 37.
hxg3 {[%clk 0:20:25]} 37... d5 {[%clk 0:07:26]} 38. Rxd5 {[%clk 0:19:46]}
1/2-1/2

[Event "DEM U12 2019"]
[Site "Willingen GER"]
[Date "2019.06.10"]
[Round "3"]
[White "Fuhrmann, Bahne"]
[Black "Hagner, Bennet"]
[Result "0-1"]
[Termination "normal"]
[Board "10"]
[WhiteElo "1659"]
[BlackElo "1900"]
[WhiteClock "00:26:39"]
[BlackClock "00:19:06"]
[PlyCount "76"]
[WhiteFideId "16244842"]
[BlackFideId "16224477"]
[EventCountry "GER"]
[EventRounds "9"]
[EventType "swiss"]
[EventDate "2019.06.08"]

1. Nf3 {[%clk 1:30:59]} 1... d5 {[%clk 1:30:36]} 2. d4 {[%clk 1:31:23]} 2...
Nf6 {[%clk 1:30:48]} 3. c4 {[%clk 1:31:40]} 3... c6 {[%clk 1:31:08]} 4. e3 {
[%clk 1:32:02]} 4... e6 {[%clk 1:30:59]} 5. Nc3 {[%clk 1:32:16]} 5... Bd6 {
[%clk 1:30:48]} 6. b3 {[%clk 1:31:05]} 6... O-O {[%clk 1:27:42]} 7. Bb2 { [%clk
1:31:10]} 7... Nbd7 {[%clk 1:27:41]} 8. Ne2 {[%clk 1:30:27]} 8... Ne4 { [%clk
1:25:59]} 9. c5 {[%clk 1:26:30]} 9... Bc7 {[%clk 1:20:45]} 10. Nc3 { [%clk
1:24:37]} 10... Ba5 {[%clk 1:17:30]} 11. Qc2 {[%clk 1:24:36]} 11... e5 { [%clk
1:16:49]} 12. O-O-O {[%clk 1:20:03]} 12... Nxc3 {[%clk 1:11:25]} 13. Bxc3
{[%clk 1:20:27]} 13... Bxc3 {[%clk 1:08:42]} 14. Qxc3 {[%clk 1:20:51]} 14... e4
{[%clk 1:07:30]} 15. Nd2 {[%clk 1:17:47]} 15... Qc7 {[%clk 1:00:41]} 16. f3 {
[%clk 1:16:30]} 16... f5 {[%clk 0:58:44]} 17. fxe4 {[%clk 1:13:59]} 17... fxe4
{[%clk 0:58:55]} 18. Be2 {[%clk 1:14:04]} 18... Rf2 {[%clk 0:58:14]} 19. Bf1 {
[%clk 1:02:41]} 19... a5 {[%clk 0:55:50]} 20. a3 {[%clk 0:58:22]} 20... b6 {
[%clk 0:55:47]} 21. Bc4 {[%clk 0:48:58]} 21... dxc4 {[%clk 0:49:04]} 22. Nxe4 {
[%clk 0:46:35]} 22... Rxg2 {[%clk 0:45:26]} 23. Qxc4+ {[%clk 0:44:30]} 23...
Kh8 {[%clk 0:45:42]} 24. Nd6 {[%clk 0:42:17]} 24... h6 {[%clk 0:42:52]} 25.
Nf7+ {[%clk 0:41:24]} 25... Kh7 {[%clk 0:43:15]} 26. Qd3+ {[%clk 0:41:35]}
26... g6 {[%clk 0:41:51]} 27. Rdg1 {[%clk 0:38:17]} 27... Rxg1+ {[%clk 0:41:41]
} 28. Rxg1 {[%clk 0:38:40]} 28... Nf8 {[%clk 0:41:25]} 29. Ne5 {[%clk 0:37:00]}
29... Bf5 {[%clk 0:41:04]} 30. e4 {[%clk 0:36:30]} 30... Be6 {[%clk 0:41:13]}
31. Qg3 {[%clk 0:34:19]} 31... bxc5 {[%clk 0:39:21]} 32. dxc5 {[%clk 0:32:49]}
32... Rb8 {[%clk 0:26:28]} 33. b4 {[%clk 0:28:40]} 33... axb4 {[%clk 0:25:57]}
34. axb4 {[%clk 0:29:05]} 34... Rxb4 {[%clk 0:22:43]} 35. Nxg6 {[%clk 0:28:31]}
35... Rc4+ {[%clk 0:20:13]} 36. Kd2 {[%clk 0:26:58]} 36... Qd8+ {[%clk 0:18:39]
} 37. Ke3 {[%clk 0:26:38]} 37... Rc3+ {[%clk 0:18:47]} 38. Kf4 {[%clk 0:26:39]}
38... Qf6# {[%clk 0:19:06]} 0-1